Paroles - Qu'ils ont de la chance - Disiz - Statistiques

Statistiques générales
  • Ce quiz a été pris 74 fois
    67 depuis la dernière actualisation
  • Le résultat moyen est 303 sur 398
Statistiques - réponses
Réponse % Correct
de
100%
ma
100%
Ma
100%
On
100%
Et
97%
et
97%
la
97%
97%
ce
94%
qu'il
94%
chance
91%
D'avoir
91%
d'avoir
91%
ils
91%
Ils
91%
monde
91%
pas
91%
quitté
91%
bien
88%
Bien
88%
Ca
88%
ça
88%
le
88%
les
88%
Mais
88%
ont
88%
sûr
88%
Te
88%
A
85%
à
85%
comme
85%
manquent
85%
nous
85%
pleure
85%
qu'ils
85%
tu
85%
Tu
85%
douce
82%
du
82%
Du
82%
être
82%
je
82%
Je
82%
leur
82%
manqueront
82%
si
82%
sont
82%
tes
82%
T'es
82%
voir
82%
Comment
79%
des
79%
faire
79%
Faire
79%
j'peux
79%
j'vais
79%
l'imaginer
79%
mère
79%
partais
79%
partir
79%
perds
79%
dans
76%
en
76%
feraient
76%
ferais
76%
jour
76%
Leurs
76%
leurs
76%
Ne
76%
Ou
76%
ou
76%
76%
Un
76%
côté
74%
dit
74%
morts
74%
pour
74%
S'ils
74%
s'ils
74%
tout
74%
tristes
74%
vie
74%
chair
71%
étaient
71%
êtres
71%
plus
71%
qu'ce
71%
rends
71%
Rends
71%
tort
71%
Autant
68%
Ces
68%
cet
68%
chers
68%
état
68%
Fais
68%
fais
68%
moi
68%
qu'on
68%
temps
68%
va
68%
accéléré
65%
avec
65%
bras
65%
Car
65%
heureux
65%
J'ai
65%
j'ai
65%
lampes
65%
m'arracher
65%
perdre
65%
pourra
65%
prendraient
65%
toi
65%
torches
65%
toute
65%
vivants
65%
yeux
65%
abîmée
62%
corps
62%
dl'a
62%
faut
62%
J'voudrais
62%
l'faire
62%
marches
62%
serrer
62%
soit
62%
sourire
62%
titubant
62%
aimé
59%
aurait
59%
ciel
59%
d'continuer
59%
envie
59%
J'vois
59%
m'enterre
59%
papiers
59%
pleurer
59%
proches
59%
quoi
59%
s'en
59%
sert
59%
s'éteignent
59%
t'auraient
59%
verraient
59%
vu
59%
gérer
56%
J'aurais
56%
J'voulais
56%
l'amour
56%
miel
56%
m'noyer
56%
réanimée
56%
rendrais
56%
semblant
56%
suivi
56%
distance
53%
d'les
53%
d'merde
53%
Donc
53%
flash
53%
J'veux
53%
l'espace
53%
l'temps
53%
lui
53%
mes
53%
meurs
53%
migrateurs
53%
vibrants
53%
bénédiction
50%
côtés
50%
d'rester
50%
fil
50%
futur
50%
grâce
50%
J'te
50%
oiseaux
50%
Pardon
50%
Passé
50%
préfère
50%
présent
50%
sois
50%
c'que
47%
fous
47%
Franchement
47%
j'insiste
47%
J'm'accrocherai
47%
J'men
47%
j'pourrais
47%
J'regarde
47%
mobs
47%
notion
47%
pleurais
47%
préviens
47%
quelle
47%
traduirai
47%
airs
44%
m'enciele
44%
qu'tu
44%
j'y
41%
Y'a
41%
Sûrement
38%
souvenirs
32%
Deviens
29%
heureuse
29%
envoie
26%
Aucun quiz correspondant
Distribution des résultats
% des personnes avec chaque résultat
Percentile par nombre de réponses
Votre historique - résultats
Vous n’avez pas pris ce quiz depuis la dernière actualisation